Mikrobiologie : pracovní sešit /

Main Author: Růžek, Lubomír, 1955-
Corporate Author: Česká zemědělská univerzita v Praze. Fakulta agrobiologie, potravinových a přírodních zdrojů
Language: Czech
Published: V Praze : Česká zemědělská univerzita, katedra mikrobiologie, výživy a dietetiky, 2015
Edition: Desáté přepracované vydání
Subjects:
Physical Description: 77 stran : ilustrace ; 30 cm
Book
Saved in:
LEADER 01997nam a2200505 i 4500
001 nkc20152703087
003 CZ PrNK
005 20151015143935.0
007 ta
008 150528s2015 xr a e p 000 0 cze
015 |a cnb002703087 
020 |a 978-80-213-2561-6  |q (brožováno) 
035 |a (OCoLC)928738149 
040 |a BOA001  |b cze  |d ABA001  |e rda 
072 7 |a 579  |x Mikrobiologie  |2 Konspekt  |9 2 
072 7 |a 37.016  |x Učební osnovy. Vyučovací předměty. Učebnice  |2 Konspekt  |9 22 
080 |a 579+578  |2 MRF 
080 |a (075.8)  |2 MRF 
080 |a (076.5)  |2 MRF 
080 |a (076.1)  |2 MRF 
100 1 |a Růžek, Lubomír,  |d 1955-  |7 mzk2005266007  |4 aut 
245 1 0 |a Mikrobiologie :  |b pracovní sešit /  |c Lubomír Růžek a kolektiv 
250 |a Desáté přepracované vydání 
264 1 |a V Praze :  |b Česká zemědělská univerzita, katedra mikrobiologie, výživy a dietetiky,  |c 2015 
300 |a 77 stran :  |b ilustrace ;  |c 30 cm 
336 |a text  |b txt  |2 rdacontent 
337 |a bez média  |b n  |2 rdamedia 
338 |a svazek  |b nc  |2 rdacarrier 
500 |a Nad názvem: Česká zemědělská univerzita v Praze, Fakulta agrobiologie, potravinových a přírodních zdrojů 
500 |a 700 výtisků 
521 8 |a Určeno pro posluchače FAPPZ a FTZ 
650 0 7 |a mikrobiologie  |7 ph115303  |2 czenas 
650 0 9 |a microbiology  |2 eczenas 
655 7 |a učebnice vysokých škol  |7 fd133772  |2 czenas 
655 7 |a laboratorní cvičení  |7 fd163936  |2 czenas 
655 7 |a pracovní sešity  |7 fd133116  |2 czenas 
655 9 |a textbooks (higher)  |2 eczenas 
655 9 |a laboratory manuals  |2 eczenas 
655 9 |a activity books  |2 eczenas 
710 2 |a Česká zemědělská univerzita v Praze.  |b Fakulta agrobiologie, potravinových a přírodních zdrojů  |7 ko2005264397  |4 isb 
910 2 |a BOA001  |b 4-1352.845 
990 |a BK 
995 |a 01 
991 |b 201510  |c NOV  |e n 
996 6 |b 2610646300  |c 4-1352.845  |l MZK  |r Sklad / do 1 hodiny  |n 2  |p p.v.  |w 001525546  |u 000010  |a 1  |e BOA001  |j MZK50  |s P